Revelation: (Record no. 6207)

000 -LEADER
fixed length control field 00722nam a2200205 a 4500
001 - CONTROL NUMBER
control field :::00003950$&:&@@
003 - CONTROL NUMBER IDENTIFIER
control field OkBaRHE
005 - DATE AND TIME OF LATEST TRANSACTION
control field 20010110130730.0
008 - FIXED-LENGTH DATA ELEMENTS--GENERAL INFORMATION
fixed length control field s1971 j 000 0 eng u
040 ## - CATALOGING SOURCE
Transcribing agency
100 1# - MAIN ENTRY--PERSONAL NAME
Personal name Barnhouse, Donald Grey.
245 10 - TITLE STATEMENT
Title Revelation:
Remainder of title an expository commentary.
260 ## - PUBLICATION, DISTRIBUTION, ETC. (IMPRINT)
Place of publication, distribution, etc Grand Rapids, MI.,
Name of publisher, distributor, etc Zondervan Publishing House
Date of publication, distribution, etc c1971
300 ## - PHYSICAL DESCRIPTION
Extent 432 p. ;
Dimensions 22 cm.
650 ## - SUBJECT ADDED ENTRY--TOPICAL TERM
Topical term or geographic name as entry element Bible New Testament Revelation
General subdivision Commentaries
650 ## - SUBJECT ADDED ENTRY--TOPICAL TERM
Topical term or geographic name as entry element Revelation
942 ## - ADDED ENTRY ELEMENTS (KOHA)
Source of classification or shelving scheme
Koha item type Books
Copies
Source of classification or shelving scheme Lost status Shelving location Permanent Location Koha item type Withdrawn status Full call number Damaged status Date acquired Date last seen Barcode Not for loan Copy number Price effective from
  General StacksRHEMA Bible Training CollegeBooks BS 2825.3 .B3 2010-04-142018-04-033950 12010-04-14
  General StacksRHEMA Bible Training CollegeBooks BS 2825.3 .B3 2010-04-142018-04-0318844 22010-04-14